00329 2200133 4500001002100000005001500021035002000036245004500056100002500101260003600126082000800162084001400170990001100184INLIS00000000000250320250604112835 a0010-06250000891 aLayar Terkembang /cST. Takdir Alisabana0 aST. Takdir Alisabana aJakarta :bBalai Pustaka,c1997 a800 a800 ST. l a995449